00282 a2200121 450000100060000008200160000610000200002224500330004225000070007526000290008230000250011150000240013665661 a658.155 DEG aDegarmo, paul E aEngineering Economy, 10th Ed a10 aN.JbPrentice-Hallc1997 axx, 647 pbphotocopy aBE textbook IE dept